Paintings of Abanindranath Tagore / (Record no. 208876)

MARC details
000 -LEADER
fixed length control field 00565nam a22001937a 4500
005 - DATE AND TIME OF LATEST TRANSACTION
control field 20250129161208.0
010 ## - LCCN (DPL NO)
LC control number ENG-143627
020 ## - INTERNATIONAL STANDARD BOOK NUMBER
International Standard Book Number 9788189323493
Terms of availability 3500.00
035 ## - SYSTEM CONTROL NUMBER
System control number EN-127159
037 ## - SOURCE OF ACQUISITION
Source of stock number/acquisition DBAD
082 ## - DEWEY DECIMAL CLASSIFICATION NUMBER
Classification number 759.954
100 ## - MAIN ENTRY--PERSONAL NAME
Personal name R. Siva Kumar
245 ## - TITLE STATEMENT
Title Paintings of Abanindranath Tagore /
Statement of responsibility, etc by R. Siva Kumar
260 ## - PUBLICATION, DISTRIBUTION, ETC. (IMPRINT)
Place of publication, distribution, etc Kolkata
Name of publisher, distributor, etc Pratikshan
Date of publication, distribution, etc 2013
270 ## - ADDRESS
Address 38B Ananda Palit Road,
City Kolkata
Postal code 700014
300 ## - PHYSICAL DESCRIPTION
Extent 392P.:
Dimensions 28cm(hb)
Other physical details illus.
700 ## - ADDED ENTRY--PERSONAL NAME
9 (RLIN) 65511
Personal name Sushma K Bahl
942 ## - ADDED ENTRY ELEMENTS (KOHA)
Source of classification or shelving scheme Dewey Decimal Classification
Item type English Books
Classification part 759.954
Call number suffix RSI
Holdings
Withdrawn status Lost status Not for loan Collection code Home library Current library Date acquired Source of acquisition Cost, normal purchase price Full call number Barcode Copy number Cost, replacement price Koha item type
      Reference Central Library Central Library 29/01/2025 DBAD 3500.00 759.954 RSI EN-127159 1 3500.00 English Books

© Delhi Public Library
Hit Counter
free hit counter